[Event "Challenge"]
[Site "http://www.queenalice.com/game.php?id=296122"]
[Date "2007.10.31"]
[Round "-"]
[White "jmsp"]
[Black "rogeriokormann"]
[Result "1-0"]
[WhiteElo "1119"]
[BlackElo "879"]

1. h4 e5 2. Rh3 f6 3. e3 d5 4. d4 Nc6 5. Ne2 Bb4+ 6. c3 Ba5 7. Na3 g5 8. Nb5 a6
9. e4 dxe4 10. Ng3 g4 11. b4 Bxb4 12. cxb4 gxh3 13. Qh5+ Ke7 14. Nxe4 Qd5 15.
Ng5 h6 16. Nxc7 Qd6 17. Qg6 Be6 18. Qg7+ Kd8 19. Nxa8 1-0

[Event "Let's Play Chess!"]
[Site "http://www.queenalice.com/game.php?id=298137"]
[Date "2007.11.4"]
[Round "-"]
[White "jmsp"]
[Black "anderson_amorim89"]
[Result "0-1"]
[WhiteElo "1100"]
[BlackElo "1985"]

1. Na3 e5 2. e4 Bxa3 3. bxa3 Nf6 4. Rb1 d6 5. d3 Nc6 6. Bg5 b6 7. h4 h6 8. Be3
Be6 9. g4 Bxa2 10. Ra1 Be6 11. Rb1 Bxg4 12. f3 Bh5 13. Ne2 Bxf3 14. Rh3 Bg4 15.
Rg3 h5 16. a4 d5 17. Rb4 Nxb4 18. Qd2 c5 19. c3 Nc6 20. Rg2 dxe4 21. Bg5 Qxd3
22. Nc1 Qxd2+ 23. Rxd2 Rd8 24. Rd1 Rxd1+ 25. Kf2 Rxc1 26. Bxc1 Ke7 27. Bb5 Na5
28. Ba3 Rd8 29. Bf1 Rd2+ 30. Ke1 e3 31. Bc1 Rd1# 0-1

[Event "Let's Play Chess!"]
[Site "http://www.queenalice.com/game.php?id=302528"]
[Date "2007.11.12"]
[Round "-"]
[White "Abstro"]
[Black "jmsp"]
[Result "1-0"]
[WhiteElo "1892"]
[BlackElo "1135"]

1. d4 d5 2. c4 e5 3. e3 c6 4. c5 Qa5+ 5. Bd2 Qc7 6. Nf3 Be7 7. Nxe5 f6 8. Qh5+
g6 9. Nxg6 hxg6 10. Qxh8 Kf7 11. Qh7+ Kf8 12. Qxg6 Na6 13. Bxa6 bxa6 14. O-O Qb7
15. b3 Bg4 16. Qxg4 Nh6 17. Qe6 Ke8 18. e4 dxe4 19. Bxh6 Rd8 20. Qxe4 Qc8 21.
Re1 Qc7 22. Qg6+ Kd7 23. Qf5+ Ke8 24. Qxf6 Rxd4 25. Qf8+ Kd7 26. Rxe7# 1-0

[Event "Challenge"]
[Site "http://www.queenalice.com/game.php?id=302760"]
[Date "2007.11.12"]
[Round "-"]
[White "jmsp"]
[Black "MikeJK"]
[Result "0-1"]
[WhiteElo "1116"]
[BlackElo "1185"]

1. h4 e5 2. Nc3 Be7 3. b4 Bxb4 4. Rb1 Bxc3 5. dxc3 d5 6. Rb4 c6 7. h5 Qa5 8. a3
Nh6 9. Rb3 Bf5 10. Rxb7 Qxc3+ 11. Bd2 Qxa3 12. Rh3 Qa2 13. Re3 Bxc2 14. Qc1 Nf5
15. Rxe5+ Kd8 0-1

[Event "Let's Play Chess!"]
[Site "http://www.queenalice.com/game.php?id=308855"]
[Date "2007.11.23"]
[Round "-"]
[White "jmsp"]
[Black "rwcm"]
[Result "0-1"]
[WhiteElo "1135"]
[BlackElo "1500"]

1. d3 e5 2. e3 Nc6 3. Qh5 Nf6 4. Qf3 Nb4 5. Bd2 Nxc2+ 6. Kd1 Nxa1 7. h4 d5 8. d4
Bg4 9. Qe2 Bxe2+ 10. Bxe2 Ne4 11. Bb5+ c6 12. Ba4 Nxf2+ 13. Ke1 Nxh1 14. b3
Qxh4+ 15. Ke2 Qf2+ 16. Kd1 Qxg1+ 17. Ke2 Qxg2+ 18. Kd3 Nf2+ 19. Kc3 Nd1+ 20. Kd3
e4# 0-1

[Event "Let's Play Chess!"]
[Site "http://www.queenalice.com/game.php?id=309247"]
[Date "2007.11.24"]
[Round "-"]
[White "elche"]
[Black "jmsp"]
[Result "1-0"]
[WhiteElo "1699"]
[BlackElo "1132"]

1. e4 e6 2. d4 d6 3. Nc3 c6 4. Nf3 g5 5. Bxg5 f6 6. Bh4 Nh6 7. h3 Na6 8. Bxa6
bxa6 9. Bg3 Nf7 10. O-O e5 11. dxe5 fxe5 12. Na4 Rg8 13. Nc3 d5 14. exd5 cxd5
15. Nxe5 Bc5 16. Nxf7 Kxf7 17. Qf3+ Ke7 18. Bh4+ Ke8 19. Rfe1+ Kd7 20. Bxd8 Kxd8
21. Qxd5+ Kc7 22. Qxa8 Rf8 23. Nd5+ Kd8 24. Ne3 Rg8 25. Qd5+ Bd7 26. Qxg8+ Ke7
27. Nf5+ Kf6 28. Qf8+ Bxf8 29. Ng3 Bc5 30. Ne4+ Kf5 31. Nxc5 Bb5 32. b3 h5 33.
c4 Bc6 34. Re3 1-0

[Event "Let's Play Chess!"]
[Site "http://www.queenalice.com/game.php?id=309266"]
[Date "2007.11.24"]
[Round "-"]
[White "SueliFigueira"]
[Black "jmsp"]
[Result "1-0"]
[WhiteElo "1173"]
[BlackElo "1162"]

1. e4 d5 2. e5 e6 3. Qh5 g6 4. Qh3 Qg5 5. Nf3 Qf4 6. d3 Qxc1+ 7. Ke2 Ne7 8. a4
Qxc2+ 9. Ke3 Nec6 10. Na3 Qc5+ 11. d4 Qb4 12. Bb5 f5 13. Kf4 Qd2+ 14. Kg3 f4+
15. Kg4 h5+ 16. Kh4 g5+ 17. Kxg5 Be7+ 18. Kg6 1-0

[Event "Let's Play"]
[Site "http://www.queenalice.com/game.php?id=310199"]
[Date "2007.11.26"]
[Round "-"]
[White "jmsp"]
[Black "Number9"]
[Result "1-0"]
[WhiteElo "1132"]
[BlackElo "1578"]

1. e3 e5 2. d4 exd4 3. exd4 d5 4. Bb5+ Bd7 5. Qe2+ Be7 6. Bd3 Nf6 7. Nc3 O-O 8.
Qf3 Bg4 9. Nge2 Bxf3 10. gxf3 Kh8 11. Rg1 Nc6 12. Rg3 Bd6 13. Rh3 Qd7 14. Rxh7+
1-0

[Event "Let's Play Chess!"]
[Site "http://www.queenalice.com/game.php?id=310935"]
[Date "2007.11.27"]
[Round "-"]
[White "jmsp"]
[Black "spawnwolfwolverine"]
[Result "0-1"]
[WhiteElo "1162"]
[BlackElo "1619"]

1. e4 e5 2. d4 exd4 3. c4 c5 4. Na3 d6 5. Nb5 Na6 6. Be2 Bd7 7. Bf3 Bxb5 8. a4
Bxc4 9. a5 Nb4 10. Ra4 Nd3+ 11. Kd2 Nxf2 12. Qe2 Bxe2 13. Bxe2 Nxh1 0-1

[Event "Let's Play Chess!"]
[Site "http://www.queenalice.com/game.php?id=310937"]
[Date "2007.11.27"]
[Round "-"]
[White "jmsp"]
[Black "spawnwolfwolverine"]
[Result "0-1"]
[WhiteElo "1162"]
[BlackElo "1621"]

1. h4 e5 2. e4 d6 3. a4 Nf6 4. Ra3 d5 5. Rd3 Nxe4 6. Qg4 Bxg4 7. f3 Bxf3 8. gxf3
Ng3 9. Be2 Nxh1 10. Re3 f6 11. Bb5+ c6 12. Bd3 d4 13. Re4 Bc5 14. Ne2 O-O 15.
Bc4+ Kh8 0-1

[Event "Let's Play Chess!"]
[Site "http://www.queenalice.com/game.php?id=310940"]
[Date "2007.11.27"]
[Round "-"]
[White "jmsp"]
[Black "spawnwolfwolverine"]
[Result "0-1"]
[WhiteElo "1162"]
[BlackElo "1623"]

1. a4 e5 2. e4 d6 3. c4 Nf6 4. Nh3 Bxh3 5. gxh3 Be7 6. a5 O-O 7. Ra4 Nxe4 8. Bg2
Nc5 9. Rb4 Nd3+ 10. Kf1 Nxb4 11. Nc3 a6 12. Ne4 Na2 13. Bf3 Nxc1 14. Qe1 Nd3 15.
Qe2 Nxb2 16. Bh5 Nc6 0-1

[Event "Let's Play Chess!"]
[Site "http://www.queenalice.com/game.php?id=310941"]
[Date "2007.11.27"]
[Round "-"]
[White "jmsp"]
[Black "spawnwolfwolverine"]
[Result "0-1"]
[WhiteElo "1162"]
[BlackElo "1625"]

1. Nf3 Nc6 2. e4 d6 3. d4 e5 4. b4 Bg4 5. Nc3 exd4 6. Nb5 Nxb4 7. h3 Bxf3 8.
gxf3 c5 9. Rg1 Qa5 10. Nxd6+ Bxd6 11. c3 Nxa2 12. Bd2 dxc3 13. Bc1 c2+ 14. Qd2
Qxd2+ 15. Bxd2 c1=Q+ 0-1

[Event "redmosquito"]
[Site "http://www.queenalice.com/game.php?id=317380"]
[Date "2007.12.9"]
[Round "-"]
[White "darkjedi"]
[Black "jmsp"]
[Result "1-0"]
[WhiteElo "1928"]
[BlackElo "1132"]

1. d4 d5 2. c4 Nc6 3. cxd5 Nxd4 4. Qxd4 e5 5. Qxe5+ Kd7 6. Nf3 Bd6 7. Qxg7 Ne7
8. Qxf7 Bb4+ 9. Nc3 a5 10. Ne5+ Kd6 11. Nc4+ Kd7 12. g3 c5 13. Bh3+ Kc7 14. Bf4+
Qd6 15. Bxd6+ Kd8 16. Qxe7# 1-0

[Event "Let's Play Chess!"]
[Site "http://www.queenalice.com/game.php?id=317397"]
[Date "2007.12.9"]
[Round "-"]
[White "jmsp"]
[Black "CHESSKING5"]
[Result "0-1"]
[WhiteElo "1132"]
[BlackElo "1482"]

1. e4 g6 2. a4 Bg7 3. d4 d5 4. h4 dxe4 5. d5 Nd7 6. Nc3 f5 7. h5 g5 8. Nh3 g4 9.
Ng5 Nf8 10. Bb5+ Bd7 11. Qe2 Bh6 12. O-O Bxg5 13. f4 Bf6 14. Bd2 Bh4 15. Ra3 g3
16. Be3 a6 17. h6 Nxh6 18. Qh5+ Nf7 0-1

[Event "Let's Play Chess!"]
[Site "http://www.queenalice.com/game.php?id=318159"]
[Date "2007.12.10"]
[Round "-"]
[White "andres6"]
[Black "jmsp"]
[Result "1-0"]
[WhiteElo "1223"]
[BlackElo "1129"]

1. e4 e5 2. Nf3 d5 3. Nc3 f5 4. exf5 Bxf5 5. Bd3 Bg4 6. h3 Bh5 7. g4 Bg6 8. Nxe5
Qe7 9. Qe2 Qe6 10. Bb5+ c6 11. Ba4 1-0

[Event "Let's Play Chess!"]
[Site "http://www.queenalice.com/game.php?id=318182"]
[Date "2007.12.11"]
[Round "-"]
[White "jmsp"]
[Black "CJ"]
[Result "0-1"]
[WhiteElo "1132"]
[BlackElo "1631"]

1. a4 e5 2. h4 Nf6 3. g3 Nc6 4. Nf3 d5 5. Nc3 d4 6. e4 dxc3 7. dxc3 Bd6 8. Bc4
O-O 9. O-O Ng4 10. Ra3 Bxa3 0-1

[Event "Let's Play Chess!"]
[Site "http://www.queenalice.com/game.php?id=318183"]
[Date "2007.12.11"]
[Round "-"]
[White "jmsp"]
[Black "CJ"]
[Result "0-1"]
[WhiteElo "1132"]
[BlackElo "1629"]

1. Nf3 e6 2. a4 Nf6 3. h4 Bc5 4. d4 Bb4+ 5. c3 Bd6 6. Ng5 Ng4 7. e4 Nf6 8. Bb5
c6 9. Bc4 h6 10. Nf3 Nxe4 0-1

[Event "Let's Play Chess!"]
[Site "http://www.queenalice.com/game.php?id=319369"]
[Date "2007.12.13"]
[Round "-"]
[White "jmsp"]
[Black "CampbellMarcel"]
[Result "0-1"]
[WhiteElo "1132"]
[BlackElo "1795"]

1. h4 e5 2. Nf3 Nc6 3. g4 d5 4. c3 Bxg4 5. Rg1 Bxf3 6. exf3 g6 7. Qe2 Bd6 8. b4
Nf6 9. Na3 a6 10. f4 O-O 11. c4 Nd4 12. Qd3 Re8 13. Rg3 Bxb4 14. fxe5 Rxe5+ 15.
Re3 Rxe3+ 16. Qxe3 c5 0-1